000 00278cam a22000977a 4500
008 180718b1961 xxu||||| |||| 00| 0 eng d
100 _aVarma, sah Dev
245 _aFacts & figures about 1961 census
_cSah Dev Varma
260 _aNew Delhi
_bUnited Book Agency
_c1961
300 _a82p.
999 _c502070
_d502070